000 01529cam a22004097a 4500
003 CHAP
005 20220329142819.0
008 040312s2004 mx r 00010 spa d
010 _a88167
011 _a89139
035 _a99688
040 _cCHAP
090 _aTesis
100 0 0 _aMota Solís, José Luis.
_979073
245 1 0 _aSistema de producción de jitomate (Lycopersicon esculentum Mill.) en Huajoyuca Tepexi de Ridriguez, Puebla
260 _aChapingo, Méx. :
_bEl autor,
_c2004.
300 _a113 h. :
_bilus.; gráfs.; mapas.; cuadros.
502 _aTesis (Ing. Agr. Esp. en Fitotecnia) -- UACH. Departemento de Fitotecnia.
530 _aTambién disponible en línea
590 _aALEPH
_b10
_c20130110
_lUCH01
_h1456
590 _aBATCH-UPD
_b10
_c20130110
_lUCH01
_h0419
590 _aBATCH-UPD
_b10
_c20130410
_lUCH01
_h0053
590 _aBATCH-UPD
_b10
_c20130914
_lUCH01
_h1624
590 _aBATCH-UPD
_b10
_c20140324
_lUCH01
_h1442
590 _aBATCH-UPD
_b10
_c20141002
_lUCH01
_h0820
590 _aCONVERSION
_b10
_c20130109
_lUCH01
_h1349
650 1 4 _aHorticultura
_xPuebla.
_956365
650 1 4 _aTomate.
_9113672
650 1 4 _aTomate
_xAspectos económicos
_zPuebla.
_9113689
650 1 4 _aTomate
_xRendimiento.
_9113761
856 _3Finding aid
_uhttp://10.13.5.2/tesis/99688.pdf
_zTeclea aqui
901 _aBK
905 _aElisama
942 _cFOLL
949 _aTesis
_bBC
_cTES
_d33724000912754
_eTS2
_fc.2
_gDonaciØn
_h40304
_i99688
_si
949 _aTesis
_bBC
_cTES
_d99688
_eTS1
_gDonaciØn
_h40304
_i99688
_sb
999 _c88167
_d88167